Descobreix que Barcelona és molt més [llibreta]
Descripción Física:
1 bloc de notes ; il. col. ; 11 x 15 cm.
Idioma:
Catalán
MARC
| LEADER | 00000nrm a22000007a 4500 | ||
|---|---|---|---|
| 001 | 27116 | ||
| 003 | Arxiu | ||
| 005 | 20260324181146.0 | ||
| 008 | 221214b spa||||| |||| 00| 0 cat d | ||
| 040 | |a agdb |b cat | ||
| 245 | |a Descobreix que Barcelona és molt més [llibreta] | ||
| 260 | |a [Barcelona] : |b Diputació de Barcelona ; |c [2014?] | ||
| 300 | |a 1 bloc de notes ; |b il. col. ; |c 11 x 15 cm. | ||
| 610 | 1 | 0 | |a Barcelona (Catalunya : Província). |b Diputació |9 52408 |
| 655 | 0 | |9 54934 |a Llibretes | |
| 942 | |2 udc |c ARXIU |n 1 | ||
| 952 | |0 0 |1 0 |2 udc |4 0 |6 NBM1642 |7 1 |9 64818 |a Arxiu |b Arxiu |d 2022-12-14 |l 0 |o NBM-16-42 |p 27116 |r 2022-12-14 00:00:00 |w 2022-12-14 |y ARXIU | ||
| 999 | |c 82824 |d 82824 | ||